The Penicillia /

Bibliographic Details
Main Author: Thom, Charles, 1872-1956
Other Authors: Church, Margaret Brooks, 1889-, May, Orville E., Raines, M. A. (Morris Abel), 1894-
Format: Book
Language:English
Published: Baltimore : Williams & Wilkins, 1930.
Subjects:

MARC

Tag First Indicator Second Indicator Subfields
LEADER 00000cam a2200000 4500
001 in00000044278
005 20151007071047.0
008 761013s1930 mduaf b 00110 eng
010 |a  30004347  
035 |a (OCoLC)02499470 
035 |9 AAE5240AM 
040 |a DLC  |c GAT  |d CHS  |d TXA  |d UtOrBLW 
049 |a TXAM  |c [40815] 
050 0 0 |a QK623.P4  |b T45 
092 |a 589.23  |b T452p 
100 1 |a Thom, Charles,  |d 1872-1956. 
245 1 4 |a The Penicillia /  |c by Charles Thom ... With assistance of Dr. Margaret B. Church in handling the cultures and in the medical chapter, Dr. O. E. May upon the biochemical chapter and Dr. M. A. Raines in preparing the illustrations. 
264 1 |a Baltimore :  |b Williams & Wilkins,  |c 1930. 
300 |a xiii, 644 pages :  |b illustrations, plates. ;  |c 24 cm. 
336 |a text  |b txt  |2 rdacontent 
337 |a unmediated  |b n  |2 rdamedia 
338 |a volume  |b nc  |2 rdacarrier 
504 |a Bibliography: pages 601-624. 
650 0 |a Penicillium. 
700 1 |a Church, Margaret Brooks,  |d 1889- 
700 1 |a May, Orville E. 
700 1 |a Raines, M. A.  |q (Morris Abel),  |d 1894- 
999 |a MARS 
999 f f |s 036f0e41-f03b-3663-808b-0e860a44d740  |i d5326728-0f43-31ea-ae16-d001cce2498e  |t 0 
952 f f |p ric  |a Texas A&M University  |b Rellis Campus  |c Joint Library Facility  |d Remote Storage  |t 0  |e QK623.P4 T45  |h Library of Congress classification  |i unmediated -- volume  |m A14801000482 
998 f f |a QK623.P4 T45  |t 0  |l Remote Storage